[Event "Elit(Kamraterna-Limhamn)"]
[Site "?"]
[Date "2012.01.15"]
[Round "4"]
[White "Brynell, Stellan"]
[Black "Svensson, Bengt"]
[Result "1-0"]
[WhiteElo "2547"]
[BlackElo "2457"]
[PlyCount "111"]
[EventDate "2012.??.??"]

1. d4 d5 2. c4 c6 3. Nf3 Nf6 4. Nc3 dxc4 5. a4 Bf5 6. Ne5 e6 7. f3 Bb4 8. Nxc4
c5 9. dxc5 Qxd1+ 10. Kxd1 Bxc5 11. e4 Bg6 12. Na5 b6 13. Nb3 Bb4 14. Bb5+ Nfd7
15. Be3 O-O 16. Ke1 Ne5 17. Kf2 Nbc6 18. Rhd1 Rac8 19. Rac1 f5 20. exf5 Bxf5
21. h3 Na5 22. Nxa5 Bxa5 23. Ne2 Rxc1 24. Rxc1 Nd3+ 25. Bxd3 Bxd3 26. Nf4 Bf5
27. g4 e5 28. gxf5 exf4 29. Bxf4 Rxf5 30. Rc8+ Kf7 31. Be3 b5 32. Ra8 bxa4 33.
Rxa7+ Kg8 34. Bd4 g6 35. Rg7+ Kf8 36. Rxh7 Rb5 37. Ke2 Rb3 38. Ra7 Rb5 39. Kd3
Rh5 40. Kc4 Bd2 41. Rxa4 Rxh3 42. Ra3 Ke7 43. Rd3 Bf4 44. b4 g5 45. b5 Ke6 46.
b6 Rh4 47. Kb5 g4 48. fxg4 Rxg4 49. Kc6 Rg2 50. Rc3 Rg6 51. Bc5 Ke5+ 52. Kb5
Ke6 53. Rf3 Be5 54. Kc6 Rg7 55. Rf2 Rg3 56. Re2 1-0

[Event "Elit(Kamraterna-Limhamn)"]
[Site "?"]
[Date "2012.01.15"]
[Round "4"]
[White "Andreasson, Ingvar"]
[Black "Schneider, Stefan"]
[Result "1/2-1/2"]
[WhiteElo "2414"]
[BlackElo "2428"]
[PlyCount "54"]
[EventDate "2012.??.??"]

1. e4 Nf6 2. e5 Nd5 3. Nc3 Nxc3 4. dxc3 Nc6 5. Nf3 d6 6. Bc4 dxe5 7. Qxd8+ Nxd8
8. Nxe5 f6 9. Nd3 e5 10. f4 e4 11. Nf2 f5 12. Be3 Be6 13. Bb5+ c6 14. Be2 Bd6
15. O-O-O Nf7 16. c4 O-O-O 17. g3 c5 18. b3 b6 19. c3 Be7 20. Kc2 Rxd1 21. Bxd1
Kc7 22. Be2 Nd6 23. Nd1 Kc6 24. Bc1 Rd8 25. Ne3 Ne8 26. Bd2 Nf6 27. Bc1 Bd6
1/2-1/2

[Event "Elit(Kamraterna-Limhamn)"]
[Site "?"]
[Date "2012.01.15"]
[Round "4"]
[White "Johansson, Linus"]
[Black "Aberg, Anton"]
[Result "1/2-1/2"]
[WhiteElo "2331"]
[BlackElo "2403"]
[PlyCount "99"]
[EventDate "2012.??.??"]

1. d4 d5 2. c4 c6 3. Nf3 Nf6 4. Nc3 dxc4 5. a4 Bf5 6. Ne5 Nbd7 7. Nxc4 Nb6 8.
Ne5 a5 9. f3 Nfd7 10. e4 Nxe5 11. dxe5 Qxd1+ 12. Kxd1 Be6 13. Kc2 f6 14. Rb1
Nd7 15. b4 Nxe5 16. bxa5 Bc8 17. a6 bxa6 18. a5 Nd7 19. Be3 e5 20. Na4 Bd6 21.
Bc4 Ke7 22. Rhd1 Rb8 23. Nb6 Nxb6 24. Bxb6 Ra8 25. Rd3 h5 26. Rbd1 Bb4 27. Kb3
c5 28. Bd8+ Kf8 29. Bc7 Ke7 30. Bd6+ Ke8 31. Bxe5 Bxa5 32. Bd5 Ra7 33. Bb8 Re7
34. Bd6 Bb4 35. Bxe7 Kxe7 36. Bc4 Ba5 37. Ra1 Bc7 38. Bxa6 Be6+ 39. Kc2 Ra8 40.
Rda3 Bxh2 41. Bb5 Rxa3 42. Rxa3 g5 43. Ra6 h4 44. Kd2 Be5 45. Kd3 Bd4 46. Bc4
Bd7 47. Rb6 h3 48. gxh3 Bxh3 49. Ke2 g4 50. fxg4 1/2-1/2

[Event "Elit(Kamraterna-Limhamn)"]
[Site "?"]
[Date "2012.01.15"]
[Round "4"]
[White "Svenn, Matti"]
[Black "Jepson, Christian"]
[Result "0-1"]
[WhiteElo "2262"]
[BlackElo "2467"]
[PlyCount "94"]
[EventDate "2012.??.??"]
[SourceDate "2012.01.17"]

1. e4 e5 2. Nf3 Nc6 3. Bb5 a6 4. Ba4 Nf6 5. O-O b5 6. Bb3 Bb7 7. d3 Be7 8. a4
b4 9. a5 O-O 10. Nbd2 d6 11. c3 Rb8 12. Nc4 d5 13. exd5 Nxd5 14. Bd2 bxc3 15.
bxc3 Bf6 16. Qc2 Nf4 17. Bxf4 exf4 18. d4 Ne7 19. Nce5 c5 20. Rfd1 Qc7 21. Qa2
Ng6 22. Nxg6 hxg6 23. Bd5 cxd4 24. cxd4 Bxd5 25. Qxd5 Rb5 26. Qe4 Rd8 27. Rdc1
Qd7 28. Rc6 Bxd4 29. Nxd4 Rd5 30. Rc4 Rxd4 31. Rxd4 Qxd4 32. Qxd4 Rxd4 33. Kf1
g5 34. h3 f6 35. Ke2 Kf7 36. Ra2 Rd5 37. Kf3 Ke6 38. Kg4 g6 39. Re2+ Kf7 40.
Ra2 Kg7 41. h4 gxh4 42. Kxh4 Rg5 43. Kh3 Re5 44. Kg4 g5 45. Kh5 Kf7 46. Kh6 Re1
47. Kh5 Rg1 0-1

[Event "Elit(Kamraterna-Limhamn)"]
[Site "?"]
[Date "2012.01.15"]
[Round "4"]
[White "Tadjerbashi, Amir"]
[Black "Hamark, Jesper"]
[Result "0-1"]
[WhiteElo "2240"]
[BlackElo "2395"]
[PlyCount "138"]
[EventDate "2012.??.??"]

1. e4 e5 2. Nf3 Nc6 3. d4 exd4 4. Bc4 Nf6 5. e5 Ne4 6. Bd5 Nc5 7. O-O Be7 8.
Re1 O-O 9. c3 dxc3 10. Nxc3 d6 11. exd6 cxd6 12. Bf4 Be6 13. Qd2 Qd7 14. Rad1
Rad8 15. a3 a5 16. Qe2 Rfe8 17. Qb5 Bf8 18. Qb6 Bxd5 19. Rxe8 Rxe8 20. Nxd5 Qf5
21. Be3 Qc2 22. Rc1 Qd3 23. Nf4 Qe4 24. Ng5 Qf5 25. h4 h6 26. Nf3 Ne5 27. Nxe5
Rxe5 28. Rf1 Be7 29. b4 axb4 30. axb4 Ne4 31. Qxb7 Bxh4 32. Nd3 Rb5 33. Qc6 Qd5
34. Qe8+ Kh7 35. Nf4 Qf5 36. Nd3 Bg5 37. Bxg5 Nxg5 38. Qe3 Rd5 39. Nc1 g6 40.
Qc3 Ne4 41. Qe3 Ng5 42. Qc3 h5 43. Re1 Ne6 44. Ne2 h4 45. Kf1 Rd3 46. Qc4 h3
47. Ng3 hxg2+ 48. Kg1 Qf3 49. Qe4 d5 50. Qxf3 Rxf3 51. Kxg2 Rb3 52. Ne2 Rxb4
53. Rd1 d4 54. Kf3 Kg7 55. Ke4 Rb2 56. Re1 Kf6 57. f4 Rb3 58. Nc1 Rh3 59. Nd3
Rg3 60. Ne5 Rg2 61. Kf3 Ra2 62. Ng4+ Ke7 63. Ne5 Ra3+ 64. Ke4 Rc3 65. f5 gxf5+
66. Kxf5 Re3 67. Rxe3 dxe3 68. Ke4 e2 69. Nf3 Ng5+ 0-1

[Event "Elit(Kamraterna-Limhamn)"]
[Site "?"]
[Date "2012.01.15"]
[Round "4"]
[White "Madebrink, Lars"]
[Black "Lindgren, Philip"]
[Result "1/2-1/2"]
[WhiteElo "2276"]
[BlackElo "2275"]
[PlyCount "51"]
[EventDate "2012.??.??"]

1. Nf3 d5 2. d4 Nf6 3. c4 c6 4. e3 Bf5 5. Nc3 e6 6. Be2 h6 7. Ne5 Nbd7 8. f4
Bb4 9. O-O O-O 10. Bd2 Qe7 11. Nxd7 Qxd7 12. Be1 Bd6 13. Bh4 Ne4 14. Nxe4 Bxe4
15. Bd3 Bxd3 16. Qxd3 f5 17. Rac1 b5 18. cxb5 cxb5 19. Rc2 Rfc8 20. Rfc1 a6 21.
Be1 Qb7 22. Bd2 Rab8 23. Kf2 Rc4 24. b3 Rxc2 25. Rxc2 Rc8 26. Rxc8+ 1/2-1/2

[Event "Elit(Kamraterna-Limhamn)"]
[Site "?"]
[Date "2012.01.15"]
[Round "4"]
[White "Penalver, Osmani"]
[Black "Borvander, Tom"]
[Result "1-0"]
[WhiteElo "2307"]
[BlackElo "2228"]
[PlyCount "97"]
[EventDate "2012.??.??"]

1. d4 Nf6 2. c4 g6 3. Nc3 Bg7 4. e4 d6 5. f3 O-O 6. Be3 c5 7. dxc5 dxc5 8. Qxd8
Rxd8 9. Bxc5 Nc6 10. Rd1 Rxd1+ 11. Kxd1 Nd7 12. Ba3 Nde5 13. Nd5 Be6 14. b3 Rd8
15. Ke1 Rd7 16. Nf4 Nd4 17. Bc5 Nec6 18. Kf2 b6 19. Nxe6 Nxe6 20. Be3 Rd1 21.
Ne2 Ra1 22. Nc1 Nb4 23. Be2 Nxa2 24. Rd1 Nb4 25. Rd7 Nc2 26. Bd2 Bd4+ 27. Kg3
Kf8 28. f4 Ke8 29. Rb7 Nc5 30. Rb8+ Kd7 31. Bf3 Ne3 32. Bxe3 Bxe3 33. b4 Rxc1
34. bxc5 Rxc4 35. Rb7+ Kd8 36. Rxa7 Bxc5 37. Ra8+ Kc7 38. Rf8 b5 39. Rxf7 b4
40. f5 Kd6 41. Rxh7 gxf5 42. exf5 b3 43. f6 b2 44. f7 b1=Q 45. Rh6+ Kd7 46.
f8=Q Bd6+ 47. Rxd6+ Kxd6 48. Qd8+ Kc5 49. Qd5+ 1-0

[Event "Elit(Kamraterna-Limhamn)"]
[Site "?"]
[Date "2012.01.15"]
[Round "4"]
[White "Martensson, Ulf"]
[Black "Hansen, Anders"]
[Result "1/2-1/2"]
[WhiteElo "2132"]
[BlackElo "2100"]
[PlyCount "47"]
[EventDate "2012.??.??"]

1. d4 Nf6 2. Nf3 e6 3. Nbd2 d5 4. e3 Be7 5. Bd3 O-O 6. O-O b6 7. Qe2 c5 8. c3
Nbd7 9. e4 dxe4 10. Nxe4 Bb7 11. Nxf6+ Nxf6 12. dxc5 Bxc5 13. Bg5 Be7 14. Rad1
Qc7 15. Ne5 Rfd8 16. Rfe1 h6 17. Bh4 Bd6 18. Ng4 Be7 19. Nxf6+ Bxf6 20. Bxf6
gxf6 21. Qg4+ Kf8 22. Qh4 Ke7 23. Qb4+ Qd6 24. Qxd6+ 1/2-1/2

[Event "Elit(Limhamn-LASK)"]
[Site "?"]
[Date "2012.02.04"]
[Round "5"]
[White "Tikkanen, Hans"]
[Black "Jepson, Christian"]
[Result "1/2-1/2"]
[WhiteElo "2566"]
[BlackElo "2467"]
[PlyCount "75"]
[EventDate "2012.??.??"]
[SourceDate "2012.02.05"]

1. c4 e6 2. g3 d5 3. Bg2 Nf6 4. d4 c5 5. Nf3 Nc6 6. O-O Be7 7. cxd5 exd5 8. b3
O-O 9. Bb2 Ne4 10. dxc5 Bxc5 11. Nc3 Nxc3 12. Bxc3 d4 13. Bb2 Bg4 14. Rc1 Qe7
15. h3 Bxf3 16. Bxf3 Rad8 17. Qc2 Bb6 18. Rfd1 Rfe8 19. Qf5 Ne5 20. Be4 g6 21.
Qf4 h5 22. Bg2 d3 23. Bf1 dxe2 24. Bxe2 Rxd1+ 25. Rxd1 f6 26. Kg2 Kg7 27. Bb5
Rd8 28. Re1 g5 29. Qf5 Rd2 30. Rxe5 fxe5 31. Bxe5+ Kh6 32. Bf6 Qe3 33. Bxg5+
Qxg5 34. Qf8+ Qg7 35. Qf4+ Qg5 36. Qf8+ Kh7 37. Qf7+ Kh6 38. Qf8+ 1/2-1/2

[Event "Elit(Limhamn-LASK)"]
[Site "?"]
[Date "2012.02.04"]
[Round "5"]
[White "Schneider, Stefan"]
[Black "Hillarp Persson, Tiger"]
[Result "1/2-1/2"]
[WhiteElo "2428"]
[BlackElo "2586"]
[PlyCount "87"]
[EventDate "2012.??.??"]

1. d4 e6 2. c4 c5 3. d5 exd5 4. cxd5 d6 5. Nc3 g6 6. Nf3 Nh6 7. Qa4+ Bd7 8.
Qe4+ Qe7 9. Bg5 Qxe4 10. Nxe4 Nf5 11. Nf6+ Kd8 12. Nxh7+ Be7 13. Nf6 Ng7 14. e4
Ne8 15. Nxd7 Nxd7 16. Be2 Nef6 17. e5 dxe5 18. Nxe5 Nxe5 19. d6 Ke8 20. dxe7
Ne4 21. Bb5+ Nc6 22. Be3 Rh5 23. O-O-O Kxe7 24. Bxc6 bxc6 25. f3 Nf6 26. g4 Rd5
27. Rxd5 Nxd5 28. Bxc5+ Kf6 29. h4 Ke5 30. Kd2 f5 31. h5 fxg4 32. fxg4 Nf6 33.
Bg1 a5 34. hxg6 Rg8 35. Rh6 Nxg4 36. Rh5+ Ke4 37. Rxa5 Rxg6 38. Kc3 Ne5 39. Bh2
Nf3 40. Bc7 Rg7 41. Bb8 Rg8 42. Bc7 Rg7 43. Bb8 Rg8 44. Bc7 1/2-1/2

[Event "Elit(Limhamn-LASK)"]
[Site "?"]
[Date "2012.02.04"]
[Round "5"]
[White "Smith, Axel"]
[Black "Brynell, Stellan"]
[Result "1/2-1/2"]
[WhiteElo "2514"]
[BlackElo "2547"]
[PlyCount "97"]
[EventDate "2012.??.??"]

1. d4 Nf6 2. c4 e6 3. Nf3 b6 4. g3 Ba6 5. Qc2 Bb4+ 6. Bd2 Bxd2+ 7. Nbxd2 O-O 8.
e4 d5 9. cxd5 Bxf1 10. Kxf1 exd5 11. e5 Ne8 12. Kg2 c6 13. h4 f6 14. Rhe1 a5
15. exf6 gxf6 16. Re3 Ra7 17. Rae1 Rg7 18. Qf5 Nc7 19. Ng1 Qd7 20. Qxd7 Nxd7
21. Ne2 Re8 22. Rxe8+ Nxe8 23. Nf4 Nc7 24. Kf3 Kf7 25. Rc1 Nb8 26. Nf1 Nb5 27.
Ke3 Rg8 28. Kd3 Re8 29. Ne3 Nd6 30. Rc2 Rc8 31. a3 Na6 32. g4 Nb8 33. f3 Re8
34. Nexd5 cxd5 35. Rc7+ Re7 36. Rxe7+ Kxe7 37. Nxd5+ Ke6 38. Nxb6 Nd7 39. Nc4
a4 40. Kc3 Nb5+ 41. Kd3 Nc7 42. Nd2 Nb6 43. Ne4 Ncd5 44. Nc5+ Kd6 45. Ke4 Ne7
46. Nb7+ Ke6 47. Nc5+ Kd6 48. Nb7+ Ke6 49. Nc5+ 1/2-1/2

[Event "Elit(Limhamn-LASK)"]
[Site "?"]
[Date "2012.02.04"]
[Round "5"]
[White "Lund, Silas"]
[Black "Penalver, Osmani"]
[Result "0-1"]
[WhiteElo "2494"]
[BlackElo "2307"]
[PlyCount "122"]
[EventDate "2012.??.??"]

1. d4 Nf6 2. c4 e6 3. Nc3 Bb4 4. e3 c5 5. Bd3 Nc6 6. Nf3 d5 7. O-O O-O 8. a3
Ba5 9. cxd5 exd5 10. dxc5 Bxc3 11. bxc3 Qa5 12. Qc2 Qxc5 13. a4 Re8 14. Ba3 Qa5
15. Rab1 Qc7 16. c4 Ne5 17. Nxe5 Rxe5 18. cxd5 Qxc2 19. Bxc2 Rxd5 20. Be7 Ne8
21. f4 Rd7 22. Bb4 Rc7 23. Bd3 Bd7 24. a5 Bc6 25. e4 Rd7 26. Bc2 Rd4 27. e5 Nc7
28. Rf2 Nd5 29. Bd2 Re8 30. Bb3 a6 31. g3 g6 32. Re1 Bd7 33. Rc1 Rc8 34. Rxc8+
Bxc8 35. Kf1 Bh3+ 36. Ke1 Bg4 37. Kf1 Bh3+ 38. Ke1 Nb4 39. Bxb4 Rxb4 40. Bd5
Rb1+ 41. Kd2 Rb5 42. Be4 Bf5 43. Bf3 Bc8 44. Kc3 Rxa5 45. Rd2 Rc5+ 46. Kd4 Rc7
47. Rb2 b5 48. Kd5 Rc3 49. Be2 Be6+ 50. Kd6 h5 51. Bf1 Kf8 52. Bg2 Bc4 53. Bc6
Bb3 54. Rf2 Bc2 55. Bd5 b4 56. f5 gxf5 57. e6 fxe6 58. Bxe6 Kg7 59. Bxf5 b3 60.
Be6 b2 61. Ke5 Re3+ 0-1

[Event "Elit(Limhamn-LASK)"]
[Site "?"]
[Date "2012.02.04"]
[Round "5"]
[White "Johansson, Linus"]
[Black "Nilsson, Sebastian"]
[Result "1/2-1/2"]
[WhiteElo "2331"]
[BlackElo "2417"]
[PlyCount "105"]
[EventDate "2012.??.??"]
[SourceDate "2012.02.05"]

1. d4 Nf6 2. c4 g6 3. g3 d5 4. cxd5 Nxd5 5. Bg2 Bg7 6. Nf3 Nb6 7. Nc3 Nc6 8. e3
O-O 9. O-O Re8 10. Re1 a5 11. Qe2 Be6 12. Nd2 Nb4 13. Rd1 c6 14. a3 N4d5 15.
Nce4 Bf5 16. Nc5 e5 17. dxe5 Qe7 18. Nd3 Bxd3 19. Qxd3 Qxe5 20. Nc4 Nxc4 21.
Qxc4 Red8 22. Qc2 Rd6 23. e4 Ne7 24. Rxd6 Qxd6 25. Bf4 Qd4 26. Rb1 a4 27. Be3
Qe5 28. Bf4 Qd4 29. Be3 Qe5 30. Bh3 f5 31. b3 Qxe4 32. Qxe4 fxe4 33. bxa4 Nd5
34. Be6+ Kh8 35. Rxb7 Nxe3 36. fxe3 Bh6 37. Rb4 Bxe3+ 38. Kg2 Bc5 39. Rxe4 Bxa3
40. Bd7 c5 41. Bb5 Bb4 42. Kf3 Rf8+ 43. Rf4 Rc8 44. g4 Kg7 45. h4 h6 46. Re4
Rc7 47. Bc4 Ra7 48. Bb3 Rd7 49. Bc4 Ra7 50. Bb5 Kf6 51. Re8 Re7 52. Rg8 Bd2 53.
Re8 1/2-1/2

[Event "Elit(Limhamn-LASK)"]
[Site "?"]
[Date "2012.02.04"]
[Round "5"]
[White "Riis, Jens"]
[Black "Eklund, Joel"]
[Result "1-0"]
[WhiteElo "2236"]
[BlackElo "2267"]
[PlyCount "119"]
[EventDate "2012.??.??"]

1. d4 Nf6 2. Nf3 c5 3. c3 cxd4 4. cxd4 d5 5. Nc3 Nc6 6. Bf4 Bg4 7. Ne5 Qb6 8.
Nxg4 Nxg4 9. Nxd5 Qa5+ 10. Nc3 e5 11. Bxe5 Bb4 12. Bf4 Rd8 13. Qc1 Rxd4 14. e3
Rxf4 15. exf4 Bc5 16. Be2 Bxf2+ 17. Kf1 Be3 18. Qe1 Nf2 19. Nd1 Qxe1+ 20. Kxe1
Nxd1 21. Rxd1 Bxf4 22. Bb5 Ke7 23. Kf2 f6 24. Kf3 Be5 25. Bxc6 bxc6 26. b3 Rb8
27. Rhe1 Rb4 28. g3 a5 29. Re4 Rb5 30. Rc4 Rb6 31. Rc5 Ra6 32. a4 h5 33. Ke4 g6
34. Kd3 Kd6 35. Kc4+ Kc7 36. Re1 Ra8 37. Kd3 Rd8+ 38. Kc2 Kb6 39. Rc4 c5 40.
Rd1 Rd4 41. Rdxd4 Bxd4 42. Kd3 Be5 43. Re4 Kc6 44. Kc4 g5 45. Re2 Kd6 46. Rd2+
Kc6 47. Rd5 Bd4 48. h4 gxh4 49. gxh4 Be5 50. Rd3 Bd4 51. Rf3 Kd6 52. Rf5 Ke6
53. Rxh5 f5 54. Kd3 Ke5 55. Rh8 Kf4 56. Rg8 Kf3 57. h5 Be3 58. Rg6 f4 59. h6
Kf2 60. h7 1-0

[Event "Elit(Limhamn-LASK)"]
[Site "?"]
[Date "2012.02.04"]
[Round "5"]
[White "Lindgren, Philip"]
[Black "Olsson, Linus"]
[Result "1-0"]
[WhiteElo "2275"]
[BlackElo "2318"]
[PlyCount "99"]
[EventDate "2012.??.??"]

1. d4 Nf6 2. Nf3 e6 3. c4 c5 4. d5 d6 5. Nc3 exd5 6. cxd5 g6 7. g3 Bg7 8. Bg2
O-O 9. O-O a6 10. a4 Re8 11. Nd2 Nbd7 12. h3 Rb8 13. Nc4 Nb6 14. Na3 Bd7 15. a5
Nc8 16. Nc4 Bb5 17. Qb3 Bxc4 18. Qxc4 Nd7 19. Qd3 Ne5 20. Qc2 Na7 21. Ra4 Nb5
22. e3 c4 23. Rd1 Rc8 24. Bf1 h5 25. Kg2 h4 26. g4 Nd7 27. Bd2 f5 28. Rxc4 Rxc4
29. Bxc4 fxg4 30. hxg4 h3+ 31. Kxh3 Kf7 32. Rg1 Rh8+ 33. Kg2 Qh4 34. Kf1 Qh3+
35. Ke1 Ne5 36. Be2 Re8 37. Nxb5 axb5 38. Qc7+ Re7 39. Qxd6 Qh2 40. Kf1 Qh3+
41. Ke1 Qh2 42. Rg3 Qh1+ 43. Bf1 Nf3+ 44. Rxf3+ Qxf3 45. Bb4 Bf6 46. Be2 Qh1+
47. Kd2 Qb1 48. Ba3 b4 49. Qxb4 Rd7 50. Qf8# 1-0

[Event "Elit(Manhem-Kamraterna)"]
[Site "?"]
[Date "2012.02.04"]
[Round "5"]
[White "Svensson, Bengt"]
[Black "Hultin, Johan"]
[Result "1/2-1/2"]
[WhiteElo "2457"]
[BlackElo "2359"]
[PlyCount "57"]
[EventDate "2012.??.??"]
[SourceDate "2012.02.05"]

1. e4 e6 2. d4 d5 3. Nc3 dxe4 4. Nxe4 Nd7 5. Nf3 Ngf6 6. Nxf6+ Nxf6 7. Bg5 h6
8. Bxf6 Qxf6 9. Bb5+ c6 10. Bd3 Bd6 11. Qe2 Bd7 12. Ne5 O-O-O 13. O-O c5 14.
Nxd7 Rxd7 15. Bb5 Rdd8 16. dxc5 Bxc5 17. c3 Bb6 18. Rad1 Rxd1 19. Rxd1 Rd8 20.
Rxd8+ Qxd8 21. g3 Qd6 22. Bc4 a5 23. Bb3 Kd8 24. Qf3 Qc7 25. Kf1 Ke7 26. Qe4 g6
27. Qh4+ g5 28. Qe4 Qc6 29. Qxc6 1/2-1/2

[Event "Elit(Manhem-Kamraterna)"]
[Site "?"]
[Date "2012.02.04"]
[Round "5"]
[White "Akesson, Joel"]
[Black "Hamark, Jesper"]
[Result "1/2-1/2"]
[WhiteElo "2349"]
[BlackElo "2395"]
[PlyCount "74"]
[EventDate "2012.??.??"]

1. Nf3 d5 2. d4 Nf6 3. c4 e6 4. Nc3 c5 5. cxd5 Nxd5 6. e4 Nxc3 7. bxc3 cxd4 8.
cxd4 Bb4+ 9. Bd2 Bxd2+ 10. Qxd2 O-O 11. Bc4 Nc6 12. O-O b6 13. Rfd1 Bb7 14. d5
Na5 15. Bb3 Nxb3 16. axb3 Qd6 17. Ra4 exd5 18. exd5 Rad8 19. Rd4 Rfe8 20. h3
Re7 21. Qd3 Red7 22. Ng5 g6 23. Ne4 Qe5 24. f4 Qg7 25. d6 Bxe4 26. Qxe4 Qf6 27.
Qe5 Qe6 28. b4 Re8 29. Qb5 Red8 30. Qc6 Kg7 31. Kh2 Kg8 32. b5 Kg7 33. Qc3 Kg8
34. Qd3 Rc8 35. Rd5 Rc5 36. Rxc5 bxc5 37. Rd2 c4 1/2-1/2

[Event "Elit(Manhem-Kamraterna)"]
[Site "?"]
[Date "2012.02.04"]
[Round "5"]
[White "Andreasson, Ingvar"]
[Black "Nithander, Victor"]
[Result "0-1"]
[WhiteElo "2414"]
[BlackElo "2519"]
[PlyCount "88"]
[EventDate "2012.??.??"]

1. e4 d6 2. f4 Nf6 3. d3 g6 4. Be2 Bg7 5. Nf3 c5 6. O-O Nc6 7. c3 c4 8. d4 Nxe4
9. Bxc4 O-O 10. Re1 Nf6 11. h3 b6 12. a4 Bb7 13. Na3 Rc8 14. d5 Nb8 15. Ba2
Nbd7 16. Nb5 a6 17. Na7 Rc7 18. Nc6 Bxc6 19. dxc6 Nb8 20. Be3 Rxc6 21. Bf2 Rc8
22. Qe2 e6 23. Rad1 Qc7 24. Bd4 Rfe8 25. Qf2 Nbd7 26. Qh4 Qc6 27. Bb3 b5 28. a5
Qc7 29. Kh1 Qd8 30. Qf2 d5 31. Ne5 Nxe5 32. Bxe5 Nd7 33. Bxg7 Kxg7 34. f5 gxf5
35. Rd4 Qf6 36. Bc2 Rc4 37. Rxc4 bxc4 38. Qa7 Qh4 39. Re2 Nf6 40. Ba4 Rd8 41.
Qe7 Rb8 42. Qc7 Rg8 43. Rxe6 Kh8 44. Qxf7 Ne4 0-1

[Event "Elit(Manhem-Kamraterna)"]
[Site "?"]
[Date "2012.02.04"]
[Round "5"]
[White "Carlhammar, Magnus"]
[Black "Aberg, Anton"]
[Result "1/2-1/2"]
[WhiteElo "2329"]
[BlackElo "2403"]
[PlyCount "116"]
[EventDate "2012.??.??"]

1. Nf3 c5 2. g3 Nc6 3. Bg2 e5 4. O-O g6 5. c4 Bg7 6. Nc3 Nge7 7. Ne1 O-O 8. Nc2
d6 9. a3 Be6 10. Ne3 Qd7 11. Rb1 Bh3 12. d3 Bxg2 13. Kxg2 b6 14. b4 f5 15. b5
Nd8 16. Ned5 Ne6 17. Nxe7+ Qxe7 18. Nd5 Qd7 19. e3 e4 20. h4 Rae8 21. Rh1 Nc7
22. dxe4 Rxe4 23. Bb2 Nxd5 24. Qxd5+ Qf7 25. Qxf7+ Rxf7 26. Bxg7 Kxg7 27. Rbc1
d5 28. cxd5 Rd7 29. Rhd1 Re5 30. d6 Re6 31. Kf3 Rexd6 32. Rxd6 Rxd6 33. Ke2 Kf6
34. Rc4 h6 35. g4 g5 36. hxg5+ hxg5 37. gxf5 Kxf5 38. Rc1 Rd7 39. Rh1 c4 40.
Rc1 Rc7 41. f3 Ke5 42. Rg1 Kf5 43. Rc1 Rc5 44. a4 Rc7 45. Kd2 g4 46. fxg4+ Kxg4
47. Rf1 c3+ 48. Kc2 Rc4 49. Rf4+ Rxf4 50. exf4 Kxf4 51. Kxc3 Ke3 52. Kb4 Kd4
53. a5 Kd5 54. axb6 axb6 55. Ka4 Kc5 56. Ka3 Kc4 57. Ka4 Kc5 58. Ka3 Kxb5
1/2-1/2

[Event "Elit(Manhem-Kamraterna)"]
[Site "?"]
[Date "2012.02.04"]
[Round "5"]
[White "Borvander, Tom"]
[Black "Welin, Mats"]
[Result "0-1"]
[WhiteElo "2353"]
[BlackElo "2228"]
[PlyCount "98"]
[EventDate "2012.??.??"]

1. d4 Nf6 2. c4 e6 3. Nc3 Bb4 4. Qc2 O-O 5. a3 Bxc3+ 6. Qxc3 b6 7. Bg5 c5 8.
dxc5 bxc5 9. f3 Nc6 10. e3 Rb8 11. Nh3 Qa5 12. Qxa5 Nxa5 13. O-O-O Rb6 14. Bf4
Ba6 15. Bc7 Nb3+ 16. Kc2 Rb7 17. Bd6 Rc8 18. Rb1 Rc6 19. Be5 Na5 20. Bc3 Nxc4
21. Bxc4 Bxc4 22. b3 Bb5 23. e4 Rcb6 24. Nf4 Ne8 25. Rhd1 Bc6 26. Nd3 d6 27. e5
c4 28. Nb4 cxb3+ 29. Kb2 Ba4 30. Rbc1 Rd7 31. Bd4 Rb8 32. exd6 Rbd8 33. Be3
Nxd6 34. Rd4 f6 35. Na6 Nf5 36. Rxa4 Nxe3 37. Nc5 Re7 38. Re4 Nxg2 39. Rg1 Rd2+
40. Kxb3 e5 41. Rb4 Nf4 42. Ne4 Rd3+ 43. Ka2 Kf7 44. Rf1 Rc7 45. Rf2 Ne6 46. a4
f5 47. Ng3 g6 48. Re2 Kf6 49. Rb5 Nd4 0-1

[Event "Elit(Manhem-Kamraterna)"]
[Site "?"]
[Date "2012.02.04"]
[Round "5"]
[White "Fendrich, David"]
[Black "Andersson, Michael"]
[Result "1/2-1/2"]
[WhiteElo "2254"]
[BlackElo "2219"]
[PlyCount "103"]
[EventDate "2012.??.??"]

1. c4 e5 2. g3 d6 3. Bg2 f5 4. Nc3 Nf6 5. d3 Be7 6. e4 fxe4 7. dxe4 O-O 8. Nge2
Nc6 9. O-O Nd7 10. Nd5 a5 11. Be3 Nc5 12. Qd2 Bg4 13. f3 Bh5 14. Nec3 Rf7 15.
Nb5 Bf8 16. h4 h6 17. g4 Bg6 18. h5 Bh7 19. g5 hxg5 20. Bxg5 Qb8 21. Bh3 Nb4
22. Ne3 c6 23. Nc3 Be7 24. Bxe7 Rxe7 25. Nf5 Bxf5 26. Bxf5 Ne6 27. Ne2 Qc7 28.
a3 Na6 29. b4 axb4 30. axb4 Rd8 31. Kh1 d5 32. cxd5 cxd5 33. exd5 Nd4 34. Nxd4
exd4 35. Be6+ Kh8 36. Rg1 Qe5 37. Rg5 Qf6 38. f4 d3 39. Rag1 Rxe6 40. dxe6 Qxe6
41. Qg2 d2 42. Rxg7 Qd5 43. Qxd5 Rxd5 44. Rg8+ Kh7 45. R8g7+ Kh8 46. Rg8+ Kh7
47. R1g7+ Kh6 48. Rg6+ Kh7 49. R8g7+ Kh8 50. Rg8+ Kh7 51. R6g7+ Kh6 52. Rg6+
1/2-1/2

[Event "Elit(Manhem-Kamraterna)"]
[Site "?"]
[Date "2012.02.04"]
[Round "5"]
[White "Madebrink, Lars"]
[Black "Moberg, Karl Johan"]
[Result "1/2-1/2"]
[WhiteElo "2276"]
[BlackElo "2337"]
[PlyCount "107"]
[EventDate "2012.??.??"]

1. Nf3 Nf6 2. c4 g6 3. b3 Bg7 4. Bb2 O-O 5. e3 d6 6. Be2 e5 7. d3 Nc6 8. Nbd2
Nh5 9. Rb1 f5 10. O-O f4 11. e4 Qe7 12. a3 a5 13. Ba1 Bf6 14. b4 axb4 15. axb4
Ng7 16. b5 Nb8 17. d4 exd4 18. Bxd4 Bxd4 19. Nxd4 Nd7 20. Qc2 Ne5 21. N2b3 b6
22. Ra1 Bd7 23. Ra6 g5 24. Rfa1 Rac8 25. f3 h5 26. Nd2 g4 27. fxg4 hxg4 28.
R6a3 Qg5 29. Bf1 Rf6 30. g3 f3 31. N2b3 f2+ 32. Kh1 Nh5 33. Nf5 Bxf5 34. exf5
Rxf5 35. Nd4 Rf6 36. Qe4 Rcf8 37. Qd5+ R8f7 38. Ra8+ Kh7 39. R1a3 Qc1 40. Kg2
Qh6 41. Qe4+ Qg6 42. Qxg6+ Kxg6 43. Rc3 Ng7 44. Ra2 Nf5 45. Nxf5 Rxf5 46. Rcc2
Kg5 47. Rxf2 Rxf2+ 48. Rxf2 Rxf2+ 49. Kxf2 Nd7 50. Ke3 Nf6 51. Kd4 Kf5 52. Bd3+
Kg5 53. Bf1 Kf5 54. Bd3+ 1/2-1/2

[Event "Elit(Manhem-Kamraterna)"]
[Site "?"]
[Date "2012.02.04"]
[Round "5"]
[White "Outgajjouft, Said"]
[Black "Svenn, Matti"]
[Result "1/2-1/2"]
[WhiteElo "2139"]
[BlackElo "2262"]
[PlyCount "84"]
[EventDate "2012.??.??"]

1. e4 e6 2. d4 d5 3. Nc3 Nf6 4. e5 Nfd7 5. f4 c5 6. Nf3 Nc6 7. Ne2 f6 8. c3
fxe5 9. fxe5 cxd4 10. cxd4 Bb4+ 11. Bd2 O-O 12. Bxb4 Nxb4 13. Qd2 Qe7 14. Nc3
Nb6 15. b3 Bd7 16. Be2 a6 17. O-O Rac8 18. Rac1 Nc6 19. Bd3 Be8 20. Ng5 Bg6 21.
Bxg6 hxg6 22. Ne2 Rf5 23. Rxf5 gxf5 24. Qf4 Nd8 25. Rxc8 Nxc8 26. Qh4 Nf7 27.
Qh7+ Kf8 28. Nf4 Nxg5 29. Ng6+ Kf7 30. Nxe7 Nxh7 31. Nxc8 b5 32. Nd6+ Ke7 33.
Nb7 Ng5 34. Nc5 Ne4 35. Nxa6 Nc3 36. Kf2 Nxa2 37. Ke3 Nc3 38. Nc5 Nd1+ 39. Ke2
Nc3+ 40. Ke3 Nd1+ 41. Ke2 Nc3+ 42. Ke3 Nd1+ 1/2-1/2

[Event "Elit(Eksjo-Vasteras)"]
[Site "?"]
[Date "2012.02.04"]
[Round "5"]
[White "Sjodahl, Pontus"]
[Black "Bejtovic, Jasmin"]
[Result "1/2-1/2"]
[WhiteElo "2485"]
[BlackElo "2460"]
[PlyCount "89"]
[EventDate "2012.??.??"]
[SourceDate "2012.02.07"]

1. d4 Nf6 2. c4 g6 3. Nc3 Bg7 4. e4 d6 5. f3 O-O 6. Be3 Nbd7 7. Qd2 a6 8. Nh3
c5 9. Nf2 cxd4 10. Bxd4 b6 11. Be2 Bb7 12. O-O Re8 13. Rfd1 Rc8 14. Rac1 Qc7
15. Bf1 Qb8 16. b3 Bc6 17. Nd5 e6 18. Nxf6+ Nxf6 19. Qb2 e5 20. Be3 Red8 21.
Nd3 a5 22. b4 axb4 23. Nxb4 Nd7 24. Rb1 Nc5 25. Bxc5 bxc5 26. Nxc6 Qxb2 27.
Ne7+ Kf8 28. Nxg6+ hxg6 29. Rxb2 Bh6 30. Rd3 Ra8 31. Be2 Ra4 32. Kf2 Ke7 33.
Bd1 Rxc4 34. Rb7+ Rd7 35. Rxd7+ Kxd7 36. Bb3 Rc1 37. Rd1 Rc3 38. Bxf7 Rc2+ 39.
Kg3 c4 40. Rb1 c3 41. Rb7+ Kd8 42. Rb8+ Ke7 43. Rb7+ Kd8 44. Rb8+ Ke7 45. Rb7+
1/2-1/2